| 000 | 00666nam a22002533 4500 | ||
|---|---|---|---|
| 001 | 54835 | ||
| 005 | 20230410123907.0 | ||
| 008 | 060103s2004 xx 000 0 spa d | ||
| 035 | _a(OCoLC)ocn149597937 | ||
| 040 |
_aBTCTA _cBTCTA _dYDXCP |
||
| 020 | _a9789707223141 | ||
| 020 | _a9707223146 | ||
| 035 | _a(OCoLC)149597937 | ||
| 049 | _aGRAL | ||
| 050 | 1 | 4 | _aL455 2004 |
| 245 | 0 | 0 | _aLecciones De Desarrollo Economico. |
| 260 |
_bPlaza Y Valdes _c2004. |
||
| 720 | _aZermeno, Felipe | ||
| 938 |
_aBaker and Taylor _bBTCP _nBK0006623381 |
||
| 938 |
_aYBP Library Services _bYANK _n2696240 |
||
| 942 |
_2lcc _cbk |
||
| 994 |
_aC0 _bDRFGD |
||
| 946 | _aLspaulino | ||
| 999 |
_c67840 _d67840 |
||